| 000 | 00735nam a22001935i 4500 | ||
|---|---|---|---|
| 001 | 158841 | ||
| 003 | ES-MaACL | ||
| 005 | 20230906211336.0 | ||
| 008 | 040913s1852 sp a |||| | spa d | ||
| 040 |
_aCAM _bspa _cCAM |
||
| 100 | 1 |
_aMarryat, Frederick. _9188175 |
|
| 245 | 1 | 0 |
_aPedro Simple _b: novela / _cpor el capitan Marryat. |
| 260 |
_aMadrid : _b[s.n.], _c1852 ( _fEstablecimiento tipográfico de F. de P. Mellado) |
||
| 300 |
_a88 p. : _bil. ; _c26 cm. |
||
| 490 | 1 | _aBiblioteca española / por Mellado | |
| 830 | 0 |
_aBiblioteca española / por Mellado _9188178 |
|
| 852 |
_aES-MaACL _jC-1880(5) _z-- Enc. hol. _z-- Legado M. de la Fuente _q-- Falto de la cub. original _z-- Enc. en un vol. facticio |
||
| 999 |
_c158841 _d158841 |
||